000 00300nam a22001337a 4500
003 OSt
005 20220103143407.0
008 220103b |||||||| |||| 00| 0 eng d
020 _a1861007248
040 _cHU
082 _a005.3
245 _aProfessinal ASP .NET XML With C#
942 _2ddc
_cBOOKS
_n0
999 _c25802
_d25802